Sports Quiz

Random Sports or Football Quiz
Score 0/27 Timer 07:00
0 Plays Today
Position Player % Correct
LEJack Youngblood
86.4%
DTMerlin Olsen
85.7%
QBJames Harris
85.1%
CoachChuck Knox
76%
HBLawrence McCutcheon
71.4%
WRHarold Jackson
69.5%
RCBMonte Jackson
69.5%
REFred Dryer
61%
MLBJack Reynolds
59.1%
FBCullen Bryant
57.8%
LGTom Mack
55.8%
ROLBIsiah Robertson
55.8%
SSDave Elmendorf
51.3%
WRRon Jessie
41.6%
Position Player % Correct
CRich Saul
40.3%
KTom Dempsey
37.7%
TEBob Klein
32.5%
DTLarry Brooks
28.6%
FSBill Simpson
24%
RTJohn Williams
22.7%
RGJoe Scibelli
18.2%
LTCharley Cowan
17.5%
LOLBKen Geddes
9.7%
LCBEddie McMillan
6.5%
PDuane Carrell
5.2%
P RetRob Scribner
5.2%
K RetWillie McGee
3.2%

You're not logged in!

Compare scores with friends on all Sporcle quizzes.
OR
Log In

Sporcle TV

Today on Sporcle TV


Watch our educational content, quiz creation guides, and fun videos on Sporcle TV.

Show Comments

Extras

Top Quizzes Today


Score Distribution

Paid Content

Your Account Isn't Verified!

In order to create a playlist on Sporcle, you need to verify the email address you used during registration. Go to your Sporcle Settings to finish the process.

Report this User

Report this user for behavior that violates our Community Guidelines.

Details: